Normal view
MARC view
- Ahmad Saleem , Saleem, Ahmad
Entry Personal Name
001 - CONTROL NUMBER
- control field: 68364
003 - CONTROL NUMBER IDENTIFIER
- control field: NUST
005 - DATE AND TIME OF LATEST TRANSACTION
- control field: 20210628204032.0
008 - FIXED-LENGTH DATA ELEMENTS
- fixed length control field: 210628|| aca||aabn | a|a d
040 ## - CATALOGING SOURCE
- Original cataloging agency: NUST
- Transcribing agency: NUST
100 ## - HEADING--PERSONAL NAME
- Personal name: Ahmad Saleem , Saleem, Ahmad
670 ## - SOURCE DATA FOUND
- Source citation: Work cat.: (NUST): Ahmad Saleem , Saleem, Ahmad, Manto maira dost maira dushman, 2012
